000 00896nam a2200229Ia 4500
999 _c40210
_d40210
001 6817
003 GE_BSU
005 20200122112248.0
008 181216s1954||||ge |||||||||||||| ||geo||
040 _cGE_BSU
041 _ageo
080 _a821.353.1-32 გ-61
100 _aგოგოლაძე, თენგიზ.
_96304
245 _aოქროყანა :
_bმოთხრობა /
_cთენგიზ გოგოლაძე ; რედ. რ. ორჯონიკიძე.
250 _aსაქმთავარპოლიგრაფგამომც.1-ლი.
264 _aთბილისი :
_bსახელგამი,
_c1954.
300 _a170 გვ. ;
_c21 სმ.
653 _aმოთხრობა
653 _aოქროყანა
700 _aორჯონიკიძე. რ.
_eრედაქტორი
_96305
942 _cBK
_2udc